[Event "Stay Safe Play from Home 161"]
[Site "T#646205Emanuel Laske"]
[Date "2020.05.20"]
[Round "4"]
[White "Mosti"]
[Black "Mepe_Nika"]
[Result "1-0"]
[WhiteElo "2464"]
[BlackElo "2291"]
[PlyCount "137"]
[EventDate "2020.05.20"]
[EventType "swiss (blitz)"]

1. d4 {[%emt 0:00:01]} d5 {[%emt 0:00:01]} 2. Nf3 {[%emt 0:00:00]} Nf6 {[%emt 0:00:01]} 3. g3 {[%emt 0:00:00]} Bf5 {[%emt 0:00:02]} 4. Bg2 {[%emt 0:00:00]} e6 {[%emt 0:00:00]} 5. Kf1 {[%emt 0:00:00]} h6 {[%emt 0:00:01]} 6. b3 {[%emt 0:00:01]} c6 {[%emt 0:00:01]} 7. Bb2 {[%emt 0:00:00]} Nbd7 {[%emt 0:00:01]} 8. Nbd2 {[%emt 0:00:01]} Bd6 {[%emt 0:00:00]} 9. Ne5 {[%emt 0:00:00]} O-O {[%emt 0:00:02]} 10. e3 {[%emt 0:00:01]} Qc7 {[%emt 0:00:01]} 11. Nxd7 {[%emt 0:00:01]} Qxd7 {[%emt 0:00:01]} 12. c4 {[%emt 0:00:00]} Rfe8 {[%emt 0:00:01]} 13. Bf3 {[%emt 0:00:01]} e5 {[%emt 0:00:02]} 14. dxe5 {[%emt 0:00:00]} Bxe5 {[%emt 0:00:01]} 15. Bxe5 {[%emt 0:00:01]} Rxe5 {[%emt 0:00:01]} 16. Kg2 {[%emt 0:00:00]} Rd8 {[%emt 0:00:01]} 17. Rc1 {[%emt 0:00:02]} dxc4 {[%emt 0:00:01]} 18. Nxc4 {[%emt 0:00:00]} Qxd1 {[%emt 0:00:03]} 19. Rhxd1 {[%emt 0:00:00]} Ree8 {[%emt 0:00:00]} 20. Nd6 {[%emt 0:00:02]} Re5 {[%emt 0:00:07]} 21. Nxf5 {[%emt 0:00:01]} Rxd1 {[%emt 0:00:01]} 22. Nxh6+ {[%emt 0:00:01]} gxh6 {[%emt 0:00:02]} 23. Rxd1 {[%emt 0:00:00]} Rc5 {[%emt 0:00:01]} 24. Rd2 {[%emt 0:00:03]} Kg7 {[%emt 0:00:01]} 25. h4 {[%emt 0:00:01]} a5 {[%emt 0:00:01]} 26. g4 {[%emt 0:00:01]} a4 {[%emt 0:00:01]} 27. bxa4 {[%emt 0:00:01]} Rc4 {[%emt 0:00:01]} 28. Rb2 {[%emt 0:00:01]} Nxg4 {[%emt 0:00:02]} 29. Rxb7 {[%emt 0:00:03]} Ne5 {[%emt 0:00:01]} 30. a5 {[%emt 0:00:02]} Rxh4 {[%emt 0:00:01]} 31. a6 {[%emt 0:00:01]} Ra4 {[%emt 0:00:01]} 32. a7 {[%emt 0:00:01]} Kf6 {[%emt 0:00:04]} 33. Be4 {[%emt 0:00:01]} Ke6 {[%emt 0:00:02]} 34. f4 {[%emt 0:00:02]} Nc4 {[%emt 0:00:03]} 35. Bxc6 {[%emt 0:00:02]} Nxe3+ {[%emt 0:00:01]} 36. Kf3 {[%emt 0:00:00]} Kd6 {[%emt 0:00:01]} 37. Rd7+ {[%emt 0:00:01]} Kxc6 {[%emt 0:00:01]} 38. Rxf7 {[%emt 0:00:00]} Nd5 {[%emt 0:00:02]} 39. f5 {[%emt 0:00:01]} Ra3+ {[%emt 0:00:01]} 40. Ke4 {[%emt 0:00:01]} Nc3+ {[%emt 0:00:01]} 41. Ke5 {[%emt 0:00:01]} Nb5 {[%emt 0:00:00]} 42. Rf6+ {[%emt 0:00:02]} Kc5 {[%emt 0:00:00]} 43. Rxh6 {[%emt 0:00:00]} Rxa7 {[%emt 0:00:01]} 44. f6 {[%emt 0:00:00]} Rxa2 {[%emt 0:00:01]} 45. f7 {[%emt 0:00:01]} Re2+ {[%emt 0:00:00]} 46. Kf6 {[%emt 0:00:01]} Nd6 {[%emt 0:00:00]} 47. Kg7 {[%emt 0:00:01]} Nxf7 {[%emt 0:00:00]} 48. Kxf7 {[%emt 0:00:01] Mepe_Nika offers a draw} Rf2+ {[%emt 0:00:01]} 49. Ke6 {[%emt 0:00:01]} Rd2 {[%emt 0:00:00]} 50. Rh5+ {[%emt 0:00:01]} Kc4 {[%emt 0:00:00]} 51. Rh4+ {[%emt 0:00:00]} Kc3 {[%emt 0:00:00]} 52. Rh3+ {[%emt 0:00:00]} Kc2 {[%emt 0:00:00]} 53. Rh5 {[%emt 0:00:00]} Kd1 {[%emt 0:00:00]} 54. Ke5 {[%emt 0:00:01]} Re2+ {[%emt 0:00:00]} 55. Kf4 {[%emt 0:00:00]} Rd2 {[%emt 0:00:00]} 56. Ke3 {[%emt 0:00:00]} Kc2 {[%emt 0:00:00]} 57. Rc5+ {[%emt 0:00:01]} Kd1 {[%emt 0:00:00]} 58. Ra5 {[%emt 0:00:02]} Re2+ {[%emt 0:00:00]} 59. Kd3 {[%emt 0:00:01]} Rd2+ {[%emt 0:00:00]} 60. Kc3 {[%emt 0:00:00]} Rc2+ {[%emt 0:00:00]} 61. Kb3 {[%emt 0:00:00]} Rc1 {[%emt 0:00:01]} 62. Ra2 {[%emt 0:00:00]} Ke1 {[%emt 0:00:01]} 63. Rb2 {[%emt 0:00:00]} Rd1 {[%emt 0:00:00]} 64. Kc3 {[%emt 0:00:00]} Kf1 {[%emt 0:00:01]} 65. Kc2 {[%emt 0:00:01]} Re1 {[%emt 0:00:00]} 66. Kc3 {[%emt 0:00:00]} Kg1 {[%emt 0:00:00]} 67. Rc2 {[%emt 0:00:01]} Rf1 {[%emt 0:00:00]} 68. Kb2 {[%emt 0:00:00]} Rf2 {[%emt 0:00:00]} 69. Kb3 {[%emt 0:00:00] Time (Lag: Av=0.31s, max=1.0s)} 1-0

[Event "Stay Safe Play from Home 161"]
[Site "T#646205Emanuel Laske"]
[Date "2020.05.20"]
[Round "4"]
[White "Lamborghini"]
[Black "Haxhi Baha"]
[Result "0-1"]
[WhiteElo "2184"]
[BlackElo "1924"]
[Annotator "NA"]
[PlyCount "80"]
[EventDate "2020.05.20"]
[EventType "swiss (blitz)"]

1. e4 {[%emt 0:00:02]} e6 {[%emt 0:00:01]} 2. d3 {[%emt 0:00:01]} d5 {[%emt 0:00:00]} 3. Nd2 {[%emt 0:00:00]} Nf6 {[%emt 0:00:01]} 4. Ngf3 {[%emt 0:00:01]} c5 {[%emt 0:00:01]} 5. g3 {[%emt 0:00:01]} Nc6 {[%emt 0:00:01]} 6. Bg2 {[%emt 0:00:01]} Be7 {[%emt 0:00:01]} 7. O-O {[%emt 0:00:01]} Qc7 {[%emt 0:00:01]} 8. Re1 {[%emt 0:00:02]} b6 {[%emt 0:00:01]} 9. e5 {[%emt 0:00:04]} Nd7 {[%emt 0:00:01]} 10. Qe2 {[%emt 0:00:01]} O-O {[%emt 0:00:02]} 11. Nf1 {[%emt 0:00:01]} Bb7 {[%emt 0:00:01]} 12. Bf4 {[%emt 0:00:01]} h6 {[%emt 0:00:01]} 13. h4 {[%emt 0:00:01]} Rac8 {[%emt 0:00:03]} 14. N1h2 {[%emt 0:00:01]} Nd4 {[%emt 0:00:01]} 15. Nxd4 {[%emt 0:00:01]} cxd4 {[%emt 0:00:00]} 16. Rac1 {[%emt 0:00:01]} Nc5 {[%emt 0:00:02]} 17. Nf3 {[%emt 0:00:02]} Na4 {[%emt 0:00:02]} 18. Qd2 {[%emt 0:00:04]} Rfd8 {[%emt 0:00:07]} 19. Nxd4 {[%emt 0:00:03]} Nxb2 {[%emt 0:00:02]} 20. Bxh6 {[%emt 0:00:09]} gxh6 {[%emt 0:00:01]} 21. Qxh6 {[%emt 0:00:00]} Bf8 {[%emt 0:00:00]} 22. Qg5+ {[%emt 0:00:02]} Bg7 {[%emt 0:00:01]} 23. h5 {[%emt 0:00:01]} Kh7 {[%emt 0:00:02]} 24. Re4 {[%emt 0:00:03]} dxe4 {[%emt 0:00:01]} 25. Nf5 {[%emt 0:00:02]} exf5 {[%emt 0:00:02]} 26. Qxf5+ {[%emt 0:00:01]} Kh8 {[%emt 0:00:01]} 27. h6 {[%emt 0:00:01]} Qxe5 {[%emt 0:00:01]} 28. hxg7+ {[%emt 0:00:02]} Qxg7 {[%emt 0:00:00]} 29. dxe4 {[%emt 0:00:02]} Rd2 {[%emt 0:00:03]} 30. Bf3 {[%emt 0:00:01]} Rcxc2 {[%emt 0:00:02]} 31. Kg2 {[%emt 0:00:01]} Rxf2+ {[%emt 0:00:01]} 32. Kg1 {[%emt 0:00:01]} Rxc1+ {[%emt 0:00:01]} 33. Kxf2 {[%emt 0:00:01]} Rc2+ {[%emt 0:00:01]} 34. Kg1 {[%emt 0:00:01]} Nd3 {[%emt 0:00:01]} 35. Qh5+ {[%emt 0:00:01]} Kg8 {[%emt 0:00:01]} 36. Bg4 {[%emt 0:00:02]} Rc1+ {[%emt 0:00:01]} 37. Kg2 {[%emt 0:00:01]} Rc2+ {[%emt 0:00:01]} 38. Kh3 {[%emt 0:00:00]} Nf2+ {[%emt 0:00:01]} 39. Kh4 {[%emt 0:00:02]} Nxg4 {[%emt 0:00:01]} 40. Qxg4 {[%emt 0:00:00]} Rh2+ {[%emt 0:00:02] Zeit (Lag: Av=0.85s, max=1.2s)} 0-1

[Event "Stay Safe Play from Home 161"]
[Site "T#646205Emanuel Laske"]
[Date "2020.05.20"]
[Round "4"]
[White "Toosieslide"]
[Black "Klari64"]
[Result "0-1"]
[WhiteElo "2154"]
[BlackElo "2317"]
[Annotator "NA"]
[PlyCount "166"]
[EventDate "2020.05.20"]
[EventType "swiss (blitz)"]

1. d4 {[%emt 0:00:03]} c5 {[%emt 0:00:01]} 2. d5 {[%emt 0:00:01]} d6 {[%emt 0:00:01]} 3. c4 {[%emt 0:00:01]} g6 {[%emt 0:00:00]} 4. Nc3 {[%emt 0:00:01]} Bg7 {[%emt 0:00:00]} 5. e4 {[%emt 0:00:00]} Nd7 {[%emt 0:00:00]} 6. f4 {[%emt 0:00:01]} h6 {[%emt 0:00:01]} 7. Nf3 {[%emt 0:00:01]} a6 {[%emt 0:00:00]} 8. Be3 {[%emt 0:00:02]} Rb8 {[%emt 0:00:00]} 9. a4 {[%emt 0:00:02]} Ngf6 {[%emt 0:00:00]} 10. Bd3 {[%emt 0:00:01]} Ng4 {[%emt 0:00:02]} 11. Bd2 {[%emt 0:00:01]} h5 {[%emt 0:00:00]} 12. h3 {[%emt 0:00:01]} Nh6 {[%emt 0:00:00]} 13. Be3 {[%emt 0:00:01]} e5 {[%emt 0:00:01]} 14. O-O {[%emt 0:00:01]} exf4 {[%emt 0:00:01]} 15. Bxf4 {[%emt 0:00:00]} Qe7 {[%emt 0:00:00]} 16. Re1 {[%emt 0:00:00]} Ne5 {[%emt 0:00:01]} 17. Nxe5 {[%emt 0:00:00]} Bxe5 {[%emt 0:00:00]} 18. Bxe5 {[%emt 0:00:00]} Qxe5 {[%emt 0:00:00]} 19. Qf3 {[%emt 0:00:00]} f6 {[%emt 0:00:01]} 20. Rab1 {[%emt 0:00:01]} Rf8 {[%emt 0:00:01]} 21. Ne2 {[%emt 0:00:01]} Nf7 {[%emt 0:00:01]} 22. Qf4 {[%emt 0:00:01]} Qxf4 {[%emt 0:00:01]} 23. Nxf4 {[%emt 0:00:00]} Ne5 {[%emt 0:00:00]} 24. Bf1 {[%emt 0:00:01]} Rh8 {[%emt 0:00:01]} 25. b4 {[%emt 0:00:01]} g5 {[%emt 0:00:02]} 26. Ne6 {[%emt 0:00:04]} Bxe6 {[%emt 0:00:01]} 27. dxe6 {[%emt 0:00:00]} Ke7 {[%emt 0:00:03]} 28. bxc5 {[%emt 0:00:01]} dxc5 {[%emt 0:00:00]} 29. Rb6 {[%emt 0:00:01]} Rhd8 {[%emt 0:00:02]} 30. Reb1 {[%emt 0:00:01]} Rd6 {[%emt 0:00:00]} 31. Rxb7+ {[%emt 0:00:01]} Rxb7 {[%emt 0:00:00]} 32. Rxb7+ {[%emt 0:00:01]} Kxe6 {[%emt 0:00:00]} 33. Kf2 {[%emt 0:00:02]} h4 {[%emt 0:00:01]} 34. Ke3 {[%emt 0:00:01]} Rd4 {[%emt 0:00:01]} 35. Be2 {[%emt 0:00:01]} Kd6 {[%emt 0:00:03]} 36. Rb6+ {[%emt 0:00:01]} Ke7 {[%emt 0:00:04]} 37. Rxa6 {[%emt 0:00:01]} Rd6 {[%emt 0:00:01]} 38. Rxd6 {[%emt 0:00:01]} Kxd6 {[%emt 0:00:00]} 39. Bg4 {[%emt 0:00:01]} Nc6 {[%emt 0:00:01]} 40. Bf5 {[%emt 0:00:01]} Na5 {[%emt 0:00:00]} 41. Kd3 {[%emt 0:00:01]} Kc6 {[%emt 0:00:01]} 42. Kc3 {[%emt 0:00:01]} Kb6 {[%emt 0:00:01]} 43. Be6 {[%emt 0:00:00]} Nc6 {[%emt 0:00:00]} 44. Bd5 {[%emt 0:00:00]} Ne5 {[%emt 0:00:00]} 45. Kd2 {[%emt 0:00:01]} Ka5 {[%emt 0:00:00]} 46. Kc3 {[%emt 0:00:01]} Kxa4 {[%emt 0:00:00]} 47. Be6 {[%emt 0:00:00]} Ka3 {[%emt 0:00:01]} 48. Bd5 {[%emt 0:00:00]} Ka2 {[%emt 0:00:00]} 49. Kc2 {[%emt 0:00:00]} Ng6 {[%emt 0:00:02]} 50. Be6 {[%emt 0:00:01]} Nf4 {[%emt 0:00:01]} 51. Bg4 {[%emt 0:00:01]} Nxg2 {[%emt 0:00:01]} 52. Kd3 {[%emt 0:00:00]} Nf4+ {[%emt 0:00:01]} 53. Ke3 {[%emt 0:00:01]} Ng6 {[%emt 0:00:00]} 54. Bf5 {[%emt 0:00:01]} Ne5 {[%emt 0:00:00]} 55. Be6 {[%emt 0:00:00]} Kb3 {[%emt 0:00:01]} 56. Bd5 {[%emt 0:00:00]} Kb4 {[%emt 0:00:00]} 57. Ke2 {[%emt 0:00:01]} Ka3 {[%emt 0:00:00]} 58. Ke3 {[%emt 0:00:01]} Kb2 {[%emt 0:00:01]} 59. Ke2 {[%emt 0:00:00]} Kc1 {[%emt 0:00:00]} 60. Ke3 {[%emt 0:00:01]} Kd1 {[%emt 0:00:00]} 61. Be6 {[%emt 0:00:01]} Ke1 {[%emt 0:00:00]} 62. Bd5 {[%emt 0:00:00]} Kf1 {[%emt 0:00:00]} 63. Be6 {[%emt 0:00:00]} Kg2 {[%emt 0:00:00]} 64. Bf5 {[%emt 0:00:01]} Kg3 {[%emt 0:00:00]} 65. Kd2 {[%emt 0:00:01]} Nxc4+ {[%emt 0:00:01]} 66. Kc3 {[%emt 0:00:00]} Ne5 {[%emt 0:00:00]} 67. Be6 {[%emt 0:00:00]} Kf4 {[%emt 0:00:00]} 68. Bf5 {[%emt 0:00:00]} Ke3 {[%emt 0:00:00]} 69. Bh7 {[%emt 0:00:02]} g4 {[%emt 0:00:02]} 70. Bf5 {[%emt 0:00:00]} gxh3 {[%emt 0:00:00]} 71. Bxh3 {[%emt 0:00:01]} Kf4 {[%emt 0:00:00]} 72. Be6 {[%emt 0:00:00]} Kg3 {[%emt 0:00:00]} 73. Bf5 {[%emt 0:00:00]} h3 {[%emt 0:00:00]} 74. Bxh3 {[%emt 0:00:00]} Kxh3 {[%emt 0:00:02]} 75. Kd2 {[%emt 0:00:00]} Kg4 {[%emt 0:00:00]} 76. Ke3 {[%emt 0:00:00]} Kg3 {[%emt 0:00:01]} 77. Kd2 {[%emt 0:00:00]} Kf4 {[%emt 0:00:00]} 78. Kc3 {[%emt 0:00:00]} Kxe4 {[%emt 0:00:00]} 79. Kb3 {[%emt 0:00:00]} f5 {[%emt 0:00:00]} 80. Ka4 {[%emt 0:00:00]} f4 {[%emt 0:00:00]} 81. Kb5 {[%emt 0:00:00]} f3 {[%emt 0:00:00]} 82. Kxc5 {[%emt 0:00:00]} Ke3 {[%emt 0:00:00]} 83. Kd6 {[%emt 0:00:00]} Ng4 {[%emt 0:00:00] Time (Lag: Av=0.53s, max=1.0s)} 0-1

[Event "Stay Safe Play from Home 161"]
[Site "T#646205Emanuel Laske"]
[Date "2020.05.20"]
[Round "4"]
[White "Castlingarrocco"]
[Black "Matanant"]
[Result "1-0"]
[WhiteElo "2043"]
[BlackElo "1617"]
[Annotator "NA"]
[PlyCount "81"]
[EventDate "2020.05.20"]
[EventType "swiss (blitz)"]

1. d4 {[%emt 0:00:01]} e6 {[%emt 0:00:03]} 2. e3 {[%emt 0:00:00]} f5 {[%emt 0:00:00]} 3. f4 {[%emt 0:00:00]} Nf6 {[%emt 0:00:00]} 4. Nf3 {[%emt 0:00:00]} d5 {[%emt 0:00:01]} 5. Bd3 {[%emt 0:00:00]} Bd6 {[%emt 0:00:02]} 6. Qe2 {[%emt 0:00:00]} O-O {[%emt 0:00:00]} 7. c3 {[%emt 0:00:00]} c5 {[%emt 0:00:01]} 8. Nbd2 {[%emt 0:00:01]} c4 {[%emt 0:00:01]} 9. Bc2 {[%emt 0:00:01]} b5 {[%emt 0:00:00]} 10. Ne5 {[%emt 0:00:01]} Bd7 {[%emt 0:00:02]} 11. Ndf3 {[%emt 0:00:01]} Be8 {[%emt 0:00:01]} 12. O-O {[%emt 0:00:01]} Ne4 {[%emt 0:00:01]} 13. Bd2 {[%emt 0:00:01]} Nc6 {[%emt 0:00:01]} 14. Ng5 {[%emt 0:00:01]} Qe7 {[%emt 0:00:02]} 15. Nxc6 {[%emt 0:00:01]} Bxc6 {[%emt 0:00:02]} 16. Nf3 {[%emt 0:00:00]} a5 {[%emt 0:00:02]} 17. Ne5 {[%emt 0:00:01]} Bxe5 {[%emt 0:00:01]} 18. dxe5 {[%emt 0:00:00]} b4 {[%emt 0:00:01]} 19. Bxe4 {[%emt 0:00:01]} fxe4 {[%emt 0:00:01]} 20. Rad1 {[%emt 0:00:00]} Rfb8 {[%emt 0:00:03]} 21. g4 {[%emt 0:00:02]} Bd7 {[%emt 0:00:02]} 22. Qg2 {[%emt 0:00:01]} g6 {[%emt 0:00:02]} 23. f5 {[%emt 0:00:01]} exf5 {[%emt 0:00:02]} 24. gxf5 {[%emt 0:00:00]} Qg7 {[%emt 0:00:01]} 25. e6 {[%emt 0:00:01]} Be8 {[%emt 0:00:02]} 26. Be1 {[%emt 0:00:01]} gxf5 {[%emt 0:00:02]} 27. Rxf5 {[%emt 0:00:02]} Qxg2+ {[%emt 0:00:02]} 28. Kxg2 {[%emt 0:00:00]} Bg6 {[%emt 0:00:01]} 29. Rfxd5 {[%emt 0:00:02]} Re8 {[%emt 0:00:00]} 30. R5d4 {[%emt 0:00:03]} Rxe6 {[%emt 0:00:01]} 31. Bg3 {[%emt 0:00:01]} Rc8 {[%emt 0:00:03]} 32. Rd8+ {[%emt 0:00:01]} Rxd8 {[%emt 0:00:01]} 33. Rxd8+ {[%emt 0:00:00]} Kf7 {[%emt 0:00:01]} 34. Rd4 {[%emt 0:00:00]} b3 {[%emt 0:00:02]} 35. a3 {[%emt 0:00:01]} Rc6 {[%emt 0:00:03]} 36. Bd6 {[%emt 0:00:02]} Ke6 {[%emt 0:00:02]} 37. Bf4 {[%emt 0:00:01]} Bf5 {[%emt 0:00:02]} 38. Kg3 {[%emt 0:00:01]} h5 {[%emt 0:00:01]} 39. h4 {[%emt 0:00:01]} Rc5 {[%emt 0:00:02]} 40. Rd6+ {[%emt 0:00:02]} Ke7 {[%emt 0:00:02]} 41. Ra6 {[%emt 0:00:01] Time (Lag: Av=0.49s, max=0.9s)} 1-0

[Event "Stay Safe Play from Home 161"]
[Site "T#646205Emanuel Laske"]
[Date "2020.05.20"]
[Round "4"]
[White "Weltszmerc"]
[Black "SecantFX"]
[Result "1-0"]
[WhiteElo "2034"]
[BlackElo "1963"]
[Annotator "NA"]
[PlyCount "119"]
[EventDate "2020.05.20"]
[EventType "swiss (blitz)"]

1. d4 {[%emt 0:00:01]} b6 {[%emt 0:00:02]} 2. c4 {[%emt 0:00:01]} Bb7 {[%emt 0:00:00]} 3. Nc3 {[%emt 0:00:01]} g6 {[%emt 0:00:00]} 4. e4 {[%emt 0:00:00]} Bg7 {[%emt 0:00:00]} 5. f3 {[%emt 0:00:00]} e6 {[%emt 0:00:00]} 6. Be3 {[%emt 0:00:00]} Ne7 {[%emt 0:00:00]} 7. Qd2 {[%emt 0:00:00]} O-O {[%emt 0:00:00]} 8. Bh6 {[%emt 0:00:02]} f5 {[%emt 0:00:00]} 9. Bxg7 {[%emt 0:00:01]} Kxg7 {[%emt 0:00:00]} 10. h4 {[%emt 0:00:01]} fxe4 {[%emt 0:00:01]} 11. Nxe4 {[%emt 0:00:01]} Nf5 {[%emt 0:00:02]} 12. O-O-O {[%emt 0:00:06]} d5 {[%emt 0:00:02]} 13. Ng5 {[%emt 0:00:01]} Qd7 {[%emt 0:00:01]} 14. Re1 {[%emt 0:00:01]} Re8 {[%emt 0:00:01]} 15. cxd5 {[%emt 0:00:01]} Bxd5 {[%emt 0:00:01]} 16. g4 {[%emt 0:00:02]} Nd6 {[%emt 0:00:05]} 17. Kb1 {[%emt 0:00:01]} a6 {[%emt 0:00:03]} 18. h5 {[%emt 0:00:01]} Rh8 {[%emt 0:00:02]} 19. hxg6 {[%emt 0:00:02]} hxg6 {[%emt 0:00:00]} 20. Rxh8 {[%emt 0:00:01]} Kxh8 {[%emt 0:00:00]} 21. Bd3 {[%emt 0:00:02]} Kg7 {[%emt 0:00:02]} 22. Ne2 {[%emt 0:00:02]} Nc6 {[%emt 0:00:01]} 23. Nf4 {[%emt 0:00:01]} Ne7 {[%emt 0:00:09]} 24. Nfxe6+ {[%emt 0:00:02]} Bxe6 {[%emt 0:00:01]} 25. Nxe6+ {[%emt 0:00:01]} Kf7 {[%emt 0:00:00]} 26. Qf4+ {[%emt 0:00:01]} Nef5 {[%emt 0:00:05]} 27. gxf5 {[%emt 0:00:02]} gxf5 {[%emt 0:00:00]} 28. Bxf5 {[%emt 0:00:01]} Nxf5 {[%emt 0:00:01]} 29. Qxf5+ {[%emt 0:00:00]} Ke7 {[%emt 0:00:00]} 30. Qh7+ {[%emt 0:00:03]} Kd6 {[%emt 0:00:01]} 31. Qf5 {[%emt 0:00:02]} Kc6 {[%emt 0:00:04]} 32. d5+ {[%emt 0:00:02]} Qxd5 {[%emt 0:00:01]} 33. Rc1+ {[%emt 0:00:01]} Kd6 {[%emt 0:00:01]} 34. Qxd5+ {[%emt 0:00:03]} Kxd5 {[%emt 0:00:01]} 35. Nxc7+ {[%emt 0:00:00]} Ke5 {[%emt 0:00:01]} 36. Nxa8 {[%emt 0:00:00]} b5 {[%emt 0:00:01]} 37. Nb6 {[%emt 0:00:00]} Kf4 {[%emt 0:00:00]} 38. b4 {[%emt 0:00:01]} Kxf3 {[%emt 0:00:01]} 39. Rc7 {[%emt 0:00:00]} Ke4 {[%emt 0:00:00]} 40. Ra7 {[%emt 0:00:00]} Kd4 {[%emt 0:00:00]} 41. Rxa6 {[%emt 0:00:00]} Kc3 {[%emt 0:00:00]} 42. Nd5+ {[%emt 0:00:02]} Kc4 {[%emt 0:00:01]} 43. Ra5 {[%emt 0:00:00]} Kxd5 {[%emt 0:00:01]} 44. Rxb5+ {[%emt 0:00:00]} Kc4 {[%emt 0:00:00]} 45. Rc5+ {[%emt 0:00:00]} Kxb4 {[%emt 0:00:00]} 46. Rh5 {[%emt 0:00:01]} Ka3 {[%emt 0:00:01]} 47. Ka1 {[%emt 0:00:00]} Ka4 {[%emt 0:00:01]} 48. Kb2 {[%emt 0:00:00]} Kb4 {[%emt 0:00:01]} 49. Rh3 {[%emt 0:00:00]} Ka4 {[%emt 0:00:00]} 50. a3 {[%emt 0:00:00]} Ka5 {[%emt 0:00:00]} 51. Ka2 {[%emt 0:00:00]} Ka4 {[%emt 0:00:00]} 52. Rh4+ {[%emt 0:00:00]} Ka5 {[%emt 0:00:01]} 53. Kb3 {[%emt 0:00:00]} Kb5 {[%emt 0:00:00]} 54. Rh5+ {[%emt 0:00:00]} Ka6 {[%emt 0:00:01]} 55. Kb4 {[%emt 0:00:00]} Ka7 {[%emt 0:00:01]} 56. a4 {[%emt 0:00:00]} Ka6 {[%emt 0:00:00]} 57. Rh6+ {[%emt 0:00:00]} Kb7 {[%emt 0:00:01]} 58. Kb5 {[%emt 0:00:00]} Ka7 {[%emt 0:00:01]} 59. a5 {[%emt 0:00:00]} Kb7 {[%emt 0:00:01]} 60. Rh7+ {[%emt 0:00:00] Time} 1-0

[Event "Stay Safe Play from Home 161"]
[Site "T#646205Emanuel Laske"]
[Date "2020.05.20"]
[Round "4"]
[White "GIULIO19031975"]
[Black "Emresenar"]
[Result "1-0"]
[WhiteElo "1815"]
[BlackElo "1807"]
[Annotator "NA"]
[PlyCount "75"]
[EventDate "2020.05.20"]
[EventType "swiss (blitz)"]

1. e4 {[%emt 0:00:02]} e5 {[%emt 0:00:01]} 2. Nf3 {[%emt 0:00:00]} Nc6 {[%emt 0:00:00]} 3. Nc3 {[%emt 0:00:01]} Bc5 {[%emt 0:00:00]} 4. Bb5 {[%emt 0:00:01]} Nf6 {[%emt 0:00:01]} 5. Bxc6 {[%emt 0:00:00]} dxc6 {[%emt 0:00:01]} 6. d3 {[%emt 0:00:00]} Bg4 {[%emt 0:00:01]} 7. Bg5 {[%emt 0:00:01]} O-O {[%emt 0:00:02]} 8. Qd2 {[%emt 0:00:00]} Bxf3 {[%emt 0:00:01]} 9. gxf3 {[%emt 0:00:01]} h6 {[%emt 0:00:02]} 10. Bxh6 {[%emt 0:00:02]} Nh5 {[%emt 0:00:14]} 11. Be3 {[%emt 0:00:02]} Bxe3 {[%emt 0:00:04]} 12. fxe3 {[%emt 0:00:01]} Qh4+ {[%emt 0:00:01]} 13. Qf2 {[%emt 0:00:02]} Qxf2+ {[%emt 0:00:02]} 14. Kxf2 {[%emt 0:00:01]} f5 {[%emt 0:00:01]} 15. Rag1 {[%emt 0:00:04]} Kh7 {[%emt 0:00:01]} 16. h4 {[%emt 0:00:01]} g6 {[%emt 0:00:01]} 17. Rg5 {[%emt 0:00:01]} f4 {[%emt 0:00:03]} 18. Ne2 {[%emt 0:00:04]} fxe3+ {[%emt 0:00:01]} 19. Kxe3 {[%emt 0:00:01]} Rae8 {[%emt 0:00:01]} 20. Ng3 {[%emt 0:00:02]} Nxg3 {[%emt 0:00:01]} 21. Rxg3 {[%emt 0:00:01]} Kh6 {[%emt 0:00:03]} 22. Rhg1 {[%emt 0:00:01]} Rf6 {[%emt 0:00:01]} 23. c3 {[%emt 0:00:01]} Ref8 {[%emt 0:00:01]} 24. d4 {[%emt 0:00:01]} Kh5 {[%emt 0:00:01]} 25. dxe5 {[%emt 0:00:01]} Re6 {[%emt 0:00:01]} 26. Rg5+ {[%emt 0:00:02]} Kh6 {[%emt 0:00:01]} 27. h5 {[%emt 0:00:02]} gxh5 {[%emt 0:00:02]} 28. Rf5 {[%emt 0:00:02]} Rxf5 {[%emt 0:00:01]} 29. exf5 {[%emt 0:00:01]} Rxe5+ {[%emt 0:00:00]} 30. Kf4 {[%emt 0:00:00]} Re8 {[%emt 0:00:01]} 31. Rg6+ {[%emt 0:00:01]} Kh7 {[%emt 0:00:01]} 32. Rg5 {[%emt 0:00:01]} Kh6 {[%emt 0:00:02]} 33. f6 {[%emt 0:00:01]} Rf8 {[%emt 0:00:01]} 34. Rf5 {[%emt 0:00:01]} Kg6 {[%emt 0:00:01]} 35. f7 {[%emt 0:00:02]} Rxf7 {[%emt 0:00:01]} 36. Rxf7 {[%emt 0:00:01]} Kxf7 {[%emt 0:00:00]} 37. Kg5 {[%emt 0:00:00]} Ke6 {[%emt 0:00:00]} 38. f4 {[%emt 0:00:01] Zaman (Lag: Av=0.66s, max=1.1s)} 1-0

[Event "Stay Safe Play from Home 161"]
[Site "T#646205Emanuel Laske"]
[Date "2020.05.20"]
[Round "4"]
[White "UHU4"]
[Black "Gm27"]
[Result "1-0"]
[WhiteElo "1467"]
[BlackElo "1731"]
[Annotator "NA"]
[PlyCount "35"]
[EventDate "2020.05.20"]
[EventType "swiss (blitz)"]

1. e4 {[%emt 0:00:01]} e6 {[%emt 0:00:01]} 2. d4 {[%emt 0:00:02]} d5 {[%emt 0:00:00]} 3. exd5 {[%emt 0:00:01]} exd5 {[%emt 0:00:01]} 4. Bd3 {[%emt 0:00:03]} c6 {[%emt 0:00:01]} 5. Nf3 {[%emt 0:00:01]} Be7 {[%emt 0:00:00]} 6. O-O {[%emt 0:00:01]} Nf6 {[%emt 0:00:00]} 7. Nc3 {[%emt 0:00:00]} O-O {[%emt 0:00:01]} 8. Bg5 {[%emt 0:00:00]} Bg4 {[%emt 0:00:01]} 9. Qd2 {[%emt 0:00:01]} Nbd7 {[%emt 0:00:03]} 10. h4 {[%emt 0:00:01]} h6 {[%emt 0:00:01]} 11. Bxh6 {[%emt 0:00:01]} gxh6 {[%emt 0:00:03]} 12. Qxh6 {[%emt 0:00:01]} Bxf3 {[%emt 0:00:12]} 13. gxf3 {[%emt 0:00:01]} Re8 {[%emt 0:00:05]} 14. Kh1 {[%emt 0:00:01]} Bf8 {[%emt 0:00:01]} 15. Rg1+ {[%emt 0:00:01]} Ng4 {[%emt 0:00:03]} 16. Rxg4+ {[%emt 0:00:01]} Qg5 {[%emt 0:00:02]} 17. Rxg5+ {[%emt 0:00:01]} Bg7 {[%emt 0:00:00]} 18. Qxg7# {[%emt 0:00:01] (Lag: Av=0.72s, max=1.1s)} 1-0